Word Ladder: Humphrey Bogart Quiz Stats

 Plays Quiz Updated Jan 30, 2016

Challenge
Share
Tweet
Embed
Score 0/46 Timer 05:00
0 Plays Today
Hint 5-Letter Word % Correct
Homer Simpson's spouseMARGE
98.6%
BigLARGE
97.4%
War alternativePEACE
95.5%
Rental agreementLEASE
94.8%
Astaire and Flintstone, e. g.FREDS
94.4%
Gives food toFEEDS
94.3%
Minimum amountLEAST
94%
Cook meat in an ovenROAST
94%
BragBOAST
93.6%
● 'In a Lonely _____' (1950) ●● PLACE ●
93.5%
● 'Key _____' (1948) ●● LARGO ●
93.3%
Releases from confinementFREES
93.3%
Senses emotionallyFEELS
93.2%
Runs awayFLEES
93.1%
MonsterBEAST
92.9%
DishPLATE
92.8%
_____ Porridge (or Pudding) HotPEASE
92.7%
Surrenders to gravityFALLS
92.1%
Warships under one commandFLEET
92%
Intense achesPAINS
91.2%
BucketsPAILS
91.2%
Hard rainSLEET
91.2%
Cuts downFELLS
90.6%
Hint 5-Letter Word % Correct
Secret agentsSPIES
90.4%
Coen Brothers movieFARGO
89.9%
Stuff yourself with foodGORGE
89.5%
Chalkboard rockSLATE
89.4%
Coffin coversPALLS
89.2%
Work metalFORGE
88.5%
Do withoutFORGO
88.3%
Thin and narrow pieces of woodSLATS
88.2%
Cheek powderROUGE
88.2%
Thin and narrow openingsSLITS
87.9%
● 'The Big _____' (1946) ●● SLEEP ●
87.7%
'60s anime '_____ Racer'SPEED
87.6%
Madonna nicknameMADGE
87%
Sloped and rising sharplySTEEP
86.7%
ExpectoratesSPITS
86.2%
AwakenROUSE
86.2%
Horse for ridingSTEED
85.5%
Chisel outGOUGE
84.8%
'Common Sense' author ThomasPAINE
84.4%
Awaken roughlyROUST
84%
SawSPIED
84%
● 'The Treasure Of The Sierra _____' (1948) ●● MADRE ●
84%
● 'The _____ Mutiny' (1954) ●● CAINE ●
73.7%

Today's Daily Dose

Missing Word
Hayao Miyazaki

Word Ladder
Florida

On This Day
December 13th II

You're not logged in!

Compare scores with friends on all Sporcle quizzes.
OR
Log In

You Might Also Like...

Show Comments

Extras

Top Quizzes Today


Score Distribution

Your Account Isn't Verified!

In order to create a playlist on Sporcle, you need to verify the email address you used during registration. Go to your Sporcle Settings to finish the process.

Report this User

Report this user for behavior that violates our Community Guidelines.

Details: